Представление документа в формате RUSMARC

ПолеНазваниеЗначение
  Тип записи a
  Библиографический уровень m
001 Контрольный номер RU/SLIB/B/208774925
005 Дата корректировки 20240205114551.2
010 Индекс ISBN __
d Цена 2-10
100 Данные общей обработки __
a Данные общей обработки 20240205d1981 e y0rusy028902 ca
101 Язык документа 0_
a Язык текста rus
102 Страна публикации __
a Страна публикации RU
105 Кодированные данные (монография) __
a Кодированные данные (монография) y z 000ay
181 Поле кодированных данных: вид содержания _0
a Код вида содержания (ISBD) i
182 Поле кодированных данных: тип средства _0
a Код типа средства (ISBD) n
200 Заглавие и сведения об ответственности 1_
a Заглавие Избранные произведения
f Первые сведения об ответственности Л. И. Славин
b Общее обозначение материала Текст
i Наименование части По ту сторону холма
i Наименование части Интервенция
i Наименование части Два бойца
h Номер части Т. 2
210 Выходные данные 1_
a Место издания М.
c Издательство Худож. лит.
d Дата издания 1981
215 Физическое описание __
a Объем 527 с.
606 Тематические рубрики __
a Основная рубрика Художественная литература
y Географическая подрубрика Россия
2 Код системы nlr_sh
606 Тематические рубрики __
a Основная рубрика Русская литература XX в. (произведения)
2 Код системы nlr_sh
610 Ключевые слова 0_
a Ключевые слова повести; пьесы; рассказы; очерки
686 Индексы других классификаций __
a Классификационный индекс 84(2Рос=Рус)6-4
2 Код системы rubbks
700 Автор _1
a Фамилия Славин
b Имя Л. И.
4 Код отношения 070
f Даты 1896-1984
g Полное личное имя Лев Исаевич
801 Источник записи _0
a Страна RU
b Организация Муниципальное бюджетное учреждение культуры "Централизованная библиотечная система" г. Сургут (Центральная городская библиотека им. А. С. Пушкина)
g Правила каталогизации PSBO
801 Источник записи _1
a Страна RU
b Организация Муниципальное бюджетное учреждение культуры "Централизованная библиотечная система" г. Сургут (Центральная городская библиотека им. А. С. Пушкина)
g Правила каталогизации PSBO
852 Данные о местонахождении __
j Шифр хранения 84(2Рос=Рус)6-4
i Авторский знак С 47
p Инвентарный номер 11362
901 Тип документа __
t Тип документа m
a Ответственный КиК/Елгина
901 Тип документа __
a Ответственный СКБР2024
903 Характеристики (МАРС) __
c Наименование библиотеки (МАРС) Муниципальное бюджетное учреждение культуры "Централизованная библиотечная система" г. Сургут (Центральная городская библиотека им. А. С. Пушкина)
990 Данные о заказе (DOS) __
j Количество экземпляров (DOS) 1